000
00351nam a2200145Ia 4500
008
240624s9999 xx 000 0 und d
041
_a
eng
082
_a
332.63 PIN
100
_a
PINTO JERALD E
245
_a
EQUITY ASSET VALUATION
250
_a
(2nd ed.)
260
_c
2014
_a
New Delhi
_b
Wiley
300
_a
xx, : 441 : p. : cm. ; 24
365
_c
RS
999
_c
24117
_d
24117